[Event "Frankfurt-chA"]
[Site "Frankfurt"]
[Date "2017.05.29"]
[Round "6"]
[White "Liebske, Reiner"]
[Black "Lopez, Victor"]
[Result "0-1"]
[WhiteElo "1824"]
[BlackElo "1526"]
[PlyCount "170"]
[EventDate "2017.04.24"]
[EventType "swiss"]
[EventRounds "7"]
[EventCountry "GER"]
[SourceTitle "EXT 2018"]
[Source "ChessBase"]
[SourceDate "2017.10.13"]
[SourceVersion "1"]
[SourceVersionDate "2017.10.13"]
[SourceQuality "1"]

1. e4 c6 2. d4 d5 3. Nc3 dxe4 4. Nxe4 Bf5 5. Ng3 Bg6 6. Nf3 Nd7 7. Bd3 Bxd3 8. Qxd3 e6 9. 0-0 Ngf6 10. Re1 Be7 11. c4 0-0 12. a3 c5 13. Bf4 Nb6 14. Rad1 Rc8 15. dxc5 Qxd3 16. Rxd3 Nxc4 17. b4 Rfd8 18. Rc3 b5 19. cxb6 Nxb6 20. Rxc8 Rxc8 21. Nf5 Bf8 22. N5d4 Nfd5 23. Bc1 Nc4 24. g3 h6 25. Nd2 Ndb6 26. Ne4 Rd8 27. Nb5 a5 28. bxa5 Nxa5 29. Bf4 Nac4 30. Bc7 Ra8 31. Bxb6 Nxb6 32. Ra1 Nc4 33. a4 Ra5 34. Nd4 Nb2 35. Nc3 Bb4 36. Ndb5 Be7 37. Ra2 Nd3 38. Nd4 Bf6 39. Ncb5 Nc5 40. Rc2 Bxd4 41. Nxd4 Rxa4 42. Nf3 Nd3 43. Rd2 Ra1+ 44. Kg2 Ne1+ 45. Nxe1 Rxe1 46. h4 h5 47. f3 Kf8 48. Kf2 Rb1 49. g4 Rb4 50. Kg3 Rb5 51. Ra2 hxg4 52. fxg4 Rb3+ 53. Kf4 Rb4+ 54. Kf3 f5 55. gxf5 exf5 56. Kg3 g6 57. Ra7 Re4 58. Rb7 Re7 59. Rb6 Kf7 60. Ra6 Re6 61. Ra8 Re4 62. Ra6 Re6 63. Ra7+ Kf6 64. Ra8 Re3+ 65. Kf4 Re4+ 66. Kg3 Rg4+ 67. Kh3 Re4 68. Kg3 Rd4 69. Ra6+ Kg7 70. Ra7+ Kh6 71. Ra8 Rd7 72. Rh8+ Kg7 73. Ra8 Kh7 74. Rb8 Rd3+ 75. Kf4 Rd4+ 76. Kg3 Rd1 77. Rb7+ Kh6 78. Rb8 Rg1+ 79. Kf3 Rg4 80. Rh8+ Kg7 81. Rc8 Rxh4 82. Rb8 Kh6 83. Ra8 Kg5 84. Ra5 Rh3+ 85. Kg2 Rb3 0-1

[Event "Frankfurt-chA"]
[Site "Frankfurt"]
[Date "2015.04.27"]
[Round "1"]
[White "Liebske, Reiner"]
[Black "Khenkin, Igor"]
[Result "0-1"]
[WhiteElo "1771"]
[BlackElo "2578"]
[PlyCount "58"]
[EventDate "2015.04.27"]
[EventType "swiss"]
[EventRounds "7"]
[EventCountry "GER"]
[SourceTitle "EXT 2016"]
[Source "ChessBase"]
[SourceDate "2015.10.08"]
[SourceVersion "1"]
[SourceVersionDate "2015.10.08"]
[SourceQuality "1"]

1. e4 c5 2. Nf3 Nc6 3. d4 cxd4 4. Nxd4 Qb6 5. Nb3 Nf6 6. Nc3 e6 7. Be3 Qc7 8. Qd2 Bb4 9. a3 Nxe4 10. Qd3 Bxc3+ 11. bxc3 d5 12. f4 0-0 13. Be2 Ne7 14. 0-0 Nf5 15. Bd4 Nxd4 16. cxd4 Bd7 17. c4 Qxc4 18. Qxc4 dxc4 19. Bxc4 Rac8 20. Rac1 Nd6 21. Bd3 Bb5 22. Bxb5 Nxb5 23. Nc5 Nxd4 24. Kf2 b6 25. Nd7 Rfd8 26. Rxc8 Rxc8 27. Rd1 Nb5 28. a4 Nc3 29. Rd4 f6 0-1

[Event "Frankfurt-chA"]
[Site "Frankfurt"]
[Date "2014.06.16"]
[Round "7"]
[White "Liebske, Reiner"]
[Black "Fussnecker, Manfred"]
[Result "0-1"]
[WhiteElo "1680"]
[BlackElo "1870"]
[PlyCount "62"]
[EventDate "2014.04.28"]
[EventType "swiss"]
[EventRounds "7"]
[EventCountry "GER"]
[SourceTitle "EXT 2015"]
[Source "ChessBase"]
[SourceDate "2014.11.20"]
[SourceVersion "1"]
[SourceVersionDate "2014.11.20"]
[SourceQuality "1"]

1. e4 e5 2. Nf3 d6 3. d4 exd4 4. Nxd4 Nf6 5. Nc3 Be7 6. Bc4 0-0 7. 0-0 Nbd7 8. a3 Re8 9. Re1 Ne5 10. Ba2 c5 11. Nf5 Bxf5 12. exf5 Qd7 13. f4 Nc6 14. g4 Bf8 15. Be3 Nd4 16. h3 d5 17. Kf2 Nxc2 18. Qxc2 d4 19. Bd2 dxc3 20. Bxc3 Qc6 21. Bxf6 Qxf6 22. Rxe8 Rxe8 23. Rd1 c4 24. Bxc4 Qh4+ 25. Kf1 Re3 26. Qg2 Rxh3 27. Bd5 Rh2 28. Qf3 Bc5 29. Bxf7+ Kf8 30. Rd8+ Qxd8 31. Qb3 Rf2+ 0-1

[Event "Frankfurt-chA"]
[Site "Frankfurt"]
[Date "2014.05.26"]
[Round "5"]
[White "Liebske, Reiner"]
[Black "Bittner, Peter"]
[Result "1-0"]
[WhiteElo "1680"]
[BlackElo "1827"]
[PlyCount "73"]
[EventDate "2014.04.28"]
[EventType "swiss"]
[EventRounds "7"]
[EventCountry "GER"]
[SourceTitle "EXT 2015"]
[Source "ChessBase"]
[SourceDate "2014.11.20"]
[SourceVersion "1"]
[SourceVersionDate "2014.11.20"]
[SourceQuality "1"]

1. e4 c6 2. d4 d5 3. Nc3 dxe4 4. Nxe4 Nf6 5. Nxf6+ gxf6 6. Bc4 Bf5 7. Be3 Nd7 8. Nf3 Qc7 9. Qd2 e6 10. Nh4 Bg6 11. Nxg6 hxg6 12. h3 0-0-0 13. 0-0-0 Bg7 14. f4 Nb6 15. Bb3 c5 16. c3 cxd4 17. Bxd4 e5 18. Bxb6 axb6 19. Qe2 exf4 20. Rxd8+ Rxd8 21. Re1 Bf8 22. Qc4 Bc5 23. Qxf7 Qxf7 24. Bxf7 Be3+ 25. Kb1 Rd2 26. Bxg6 Rxg2 27. Bf5+ Kc7 28. Be4 Rg3 29. h4 f3 30. Kc2 f2 31. Rf1 Rg4 32. Kd3 Rg3 33. Ke2 Bc5 34. Bf3 b5 35. h5 b4 36. cxb4 Rg1 37. bxc5 1-0

[Event "Frankfurt-chA"]
[Site "Frankfurt"]
[Date "2012.05.08"]
[Round "2"]
[White "Liebske, Reiner"]
[Black "Roeschlau, Bernd"]
[Result "0-1"]
[WhiteElo "1672"]
[BlackElo "2129"]
[PlyCount "60"]
[EventDate "2012.04.30"]
[EventType "swiss"]
[EventRounds "7"]
[EventCountry "GER"]
[SourceTitle "EXT 2013"]
[Source "ChessBase"]
[SourceDate "2012.11.22"]
[SourceVersion "1"]
[SourceVersionDate "2012.11.22"]
[SourceQuality "1"]

1. e4 c5 2. Nf3 Nc6 3. d4 cxd4 4. Nxd4 Nf6 5. Nc3 e5 6. Ndb5 d6 7. Bg5 a6 8. Bxf6 gxf6 9. Na3 b5 10. Nd5 f5 11. Bd3 Be6 12. c3 Bg7 13. Qf3 Bxd5 14. exd5 e4 15. Qe3 Ne7 16. Be2 Nxd5 17. Qd2 Ne7 18. 0-0-0 d5 19. f3 b4 20. cxb4 Qb6 21. Kb1 Rb8 22. Nc2 d4 23. fxe4 fxe4 24. Bc4 0-0 25. Qg5 Nc6 26. a3 Kh8 27. Rhf1 d3 28. Ne3 Nxb4 29. axb4 Qxb4 30. Rf2 Bxb2 0-1

[Event "Frankfurt-ch"]
[Site "Frankfurt"]
[Date "2008.06.09"]
[Round "6"]
[White "Biegel, Thomas"]
[Black "Liebske, Reiner"]
[Result "1-0"]
[WhiteElo "2030"]
[BlackElo "1702"]
[PlyCount "83"]
[EventDate "2008.04.28"]
[EventType "swiss"]
[EventRounds "7"]
[EventCountry "GER"]
[SourceTitle "EXT 2009"]
[Source "ChessBase"]
[SourceDate "2008.11.26"]
[SourceVersion "1"]
[SourceVersionDate "2008.11.26"]
[SourceQuality "1"]

1. d4 Nf6 2. c4 e6 3. g3 d5 4. Bg2 c5 5. Nf3 Nc6 6. 0-0 cxd4 7. Nxd4 Bc5 8. Nxc6 bxc6 9. Qc2 Qb6 10. Nc3 Bxf2+ 11. Rxf2 Ng4 12. e3 Nxf2 13. Qxf2 0-0 14. e4 Qxf2+ 15. Kxf2 d4 16. Na4 e5 17. Nc5 Rd8 18. Bd2 a5 19. b3 Ra7 20. Rf1 Rd6 21. Ke1 Rg6 22. Nd3 f6 23. Nc5 Kf8 24. Bf3 Bg4 25. Bxg4 Rxg4 26. Rg1 Ke7 27. h3 Rg6 28. g4 h5 29. Kf2 Kd6 30. Na4 Ra8 31. c5+ Ke6 32. Nb6 Rh8 33. Kg3 hxg4 34. hxg4 Rh5 35. Rf1 Ke7 36. Nc4 a4 37. bxa4 Rh8 38. Rb1 Rh5 39. Rb7+ Ke6 40. Nd6 Rh8 41. Nf5 Re8 42. a5 1-0

[Event "Frankfurt-ch"]
[Site "Frankfurt"]
[Date "2008.05.05"]
[Round "2"]
[White "Liebske, Reiner"]
[Black "Breitbach, Stephan"]
[Result "1-0"]
[WhiteElo "1702"]
[BlackElo "1330"]
[PlyCount "67"]
[EventDate "2008.04.28"]
[EventType "swiss"]
[EventRounds "7"]
[EventCountry "GER"]
[SourceTitle "EXT 2009"]
[Source "ChessBase"]
[SourceDate "2008.11.26"]
[SourceVersion "1"]
[SourceVersionDate "2008.11.26"]
[SourceQuality "1"]

1. e4 c5 2. Nf3 Nc6 3. d4 cxd4 4. Nxd4 d6 5. Be2 Nf6 6. Nc3 e6 7. Bg5 a6 8. Nb3 Be7 9. Qd2 0-0 10. 0-0-0 Ne8 11. h4 b5 12. Bf4 Bb7 13. Bf3 b4 14. Na4 a5 15. Qe3 Ba6 16. Nac5 e5 17. Bg3 Qc7 18. Nxa6 Rxa6 19. Be2 Ra8 20. Kb1 a4 21. Nc1 Nd4 22. Bd3 Nf6 23. Ne2 Nxe2 24. Qxe2 a3 25. Qd2 d5 26. exd5 axb2 27. d6 Bxd6 28. Bxh7+ Kxh7 29. Qxd6 Qa5 30. Qd3+ Kg8 31. Qb3 Ne4 32. Kxb2 Rfc8 33. Rd7 Ra7 34. Qxf7+ 1-0

[Event "Frankfurt-ch"]
[Site "Frankfurt"]
[Date "2008.04.28"]
[Round "1"]
[White "Orwatsch, Gerhard"]
[Black "Liebske, Reiner"]
[Result "1-0"]
[WhiteElo "2089"]
[BlackElo "1702"]
[PlyCount "49"]
[EventDate "2008.04.28"]
[EventType "swiss"]
[EventRounds "7"]
[EventCountry "GER"]
[SourceTitle "EXT 2009"]
[Source "ChessBase"]
[SourceDate "2008.11.26"]
[SourceVersion "1"]
[SourceVersionDate "2008.11.26"]
[SourceQuality "1"]

1. d4 Nf6 2. Nf3 e6 3. Bf4 d5 4. e3 Nbd7 5. Nbd2 b6 6. Bb5 Bb7 7. Ne5 a6 8. Be2 Bd6 9. 0-0 0-0 10. a4 Qe7 11. Bg3 c5 12. f4 Ne4 13. Nxe4 dxe4 14. Nxd7 Qxd7 15. dxc5 bxc5 16. f5 Rfd8 17. Bxd6 Qxd6 18. Qxd6 Rxd6 19. fxe6 f6 20. Rad1 Rb6 21. b3 Kf8 22. Rd7 Re8 23. Bc4 Bc8 24. Rc7 Rd6 25. e7+ 1-0